<?xml version="1.0" encoding="UTF-8"?>
<record
    xmlns:xsi="http://www.w3.org/2001/XMLSchema-instance"
    xsi:schemaLocation="http://www.loc.gov/MARC21/slim http://www.loc.gov/standards/marcxml/schema/MARC21slim.xsd"
    xmlns="http://www.loc.gov/MARC21/slim">

  <leader>01031na  a2200253   4500</leader>
  <controlfield tag="001">16339</controlfield>
  <controlfield tag="003">MIRAKIL</controlfield>
  <controlfield tag="005">20181213154936.0</controlfield>
  <controlfield tag="008">161003b        tu            000 0      </controlfield>
  <datafield tag="040" ind1=" " ind2=" ">
    <subfield code="a">Milas</subfield>
    <subfield code="b">tur</subfield>
    <subfield code="c">TR-AnCHP</subfield>
  </datafield>
  <datafield tag="041" ind1=" " ind2=" ">
    <subfield code="a">tur</subfield>
    <subfield code="a">eng</subfield>
  </datafield>
  <datafield tag="082" ind1=" " ind2=" ">
    <subfield code="a">378.021 1998-1999</subfield>
    <subfield code="b">&#xD6;79b 1999</subfield>
  </datafield>
  <datafield tag="090" ind1=" " ind2=" ">
    <subfield code="a">378.021 1998-1999 &#xD6;79b 1999</subfield>
  </datafield>
  <datafield tag="110" ind1=" " ind2=" ">
    <subfield code="a">&#xD6;&#x11F;renci Se&#xE7;me ve Yerle&#x15F;tirme Merkezi (&#xD6;SYM)</subfield>
  </datafield>
  <datafield tag="245" ind1=" " ind2=" ">
    <subfield code="a">1998-1999 &#xF6;&#x11F;retim y&#x131;l&#x131; y&#xFC;ksek&#xF6;&#x11F;retim istatistikleri</subfield>
    <subfield code="b">the 1998-1999 academic year higher education statistics</subfield>
    <subfield code="c">&#xD6;&#x11F;renci Se&#xE7;me ve Yerle&#x15F;tirme Merkezi (&#xD6;SYM)</subfield>
  </datafield>
  <datafield tag="246" ind1=" " ind2=" ">
    <subfield code="a">the 1998-1999 academic year higher education statistics</subfield>
  </datafield>
  <datafield tag="260" ind1=" " ind2=" ">
    <subfield code="a">Ankara</subfield>
    <subfield code="b">&#xD6;&#x11F;renci Se&#xE7;me ve Yerle&#x15F;tirme Merkezi (&#xD6;SYM)</subfield>
    <subfield code="c">1999</subfield>
  </datafield>
  <datafield tag="300" ind1=" " ind2=" ">
    <subfield code="a">xxxiv, 458 s.</subfield>
    <subfield code="b">tbl.</subfield>
    <subfield code="c">28 sm.</subfield>
  </datafield>
  <datafield tag="490" ind1=" " ind2=" ">
    <subfield code="a">&#xD6;SYM yay&#x131;nlar&#x131;</subfield>
    <subfield code="v">1999-1</subfield>
  </datafield>
  <datafield tag="546" ind1=" " ind2=" ">
    <subfield code="a">Metinler T&#xFC;rk&#xE7;e-&#x130;ngilizce kar&#x15F;&#x131;l&#x131;kl&#x131;d&#x131;r.</subfield>
  </datafield>
  <datafield tag="650" ind1=" " ind2=" ">
    <subfield code="a">Y&#xFC;ksek&#xF6;&#x11F;retim</subfield>
    <subfield code="x">&#x130;statistikler</subfield>
    <subfield code="y">1998-1999</subfield>
    <subfield code="z">T&#xFC;rkiye</subfield>
  </datafield>
  <datafield tag="650" ind1=" " ind2=" ">
    <subfield code="a">E&#x11F;itim</subfield>
    <subfield code="x">&#x130;statistikler</subfield>
    <subfield code="y">1998-1999</subfield>
    <subfield code="z">T&#xFC;rkiye</subfield>
  </datafield>
  <datafield tag="942" ind1=" " ind2=" ">
    <subfield code="2">ddc</subfield>
    <subfield code="c">BKS</subfield>
  </datafield>
  <datafield tag="952" ind1=" " ind2=" ">
    <subfield code="a">0001</subfield>
    <subfield code="b">0001</subfield>
    <subfield code="d">2016-10-03</subfield>
    <subfield code="e">2</subfield>
    <subfield code="l">0</subfield>
    <subfield code="o">378.021 1998-1999 &#xD6;79b 1999</subfield>
    <subfield code="p">005192</subfield>
    <subfield code="r">2016-10-03 00:00:00</subfield>
    <subfield code="v">0.00</subfield>
    <subfield code="w">2016-10-03</subfield>
    <subfield code="y">BKS</subfield>
  </datafield>
  <datafield tag="999" ind1=" " ind2=" ">
    <subfield code="c">3582</subfield>
    <subfield code="d">3582</subfield>
  </datafield>
</record>
